Programación web 2.0
Uloženo v:
| Hlavní autoři: | , , , , |
|---|---|
| Médium: | Kniha |
| Jazyk: | španělština |
| Vydáno: |
Madrid
Anaya
2007
|
| Vydání: | 1a. ed |
| Edice: | Anaya Multimedia, 325
|
| Témata: | |
| Tagy: |
Přidat tag
Žádné tagy, Buďte první, kdo vytvoří štítek k tomuto záznamu!
|
MARC
| LEADER | 00000cam a2200000 a 4500 | ||
|---|---|---|---|
| 001 | UCE5386 | ||
| 003 | CL-VaPUC | ||
| 008 | 141230e20070000sp |||||||||||||||||spa|d | ||
| 020 | |a 9788441522527 | ||
| 082 | 0 | 4 | |a 006.78 |b DER |2 21 |
| 100 | 0 | |a Der Vlist, Eric van |e author |9 577971 | |
| 700 | 0 | |a Ayers, Danny |e author |9 577972 | |
| 700 | 0 | |a Bruchez, Erik |e author |9 577973 | |
| 700 | 0 | |a Fawcett, Joe |e author |9 577974 | |
| 700 | 0 | |a Vernet, Alessandro |e author |9 577975 | |
| 245 | 1 | 0 | |a Programación web 2.0 |
| 250 | |a 1a. ed | ||
| 300 | |a 560 p | ||
| 942 | |c BK | ||
| 945 | |d 20141230 16:04:00 |a arojas | ||
| 260 | |a Madrid |b Anaya |c 2007 | ||
| 650 | 7 | |a PROGRAMADORES |2 CL-VaPUC |9 577976 | |
| 650 | 0 | |a Desarrollo web |9 559688 | |
| 650 | 0 | |a Páginas web |9 386845 | |
| 650 | 0 | |a Lenguajes de programación |9 259458 | |
| 650 | 0 | |a Páginas web |x Diseño |9 436463 | |
| 583 | |a last modification |c 20141230 16:04:00 |k Rodrigo Vera | ||
| 490 | 0 | |a Anaya Multimedia, 325 | |
| 999 | |c 358116 |d 358114 | ||
| 952 | |0 0 |1 0 |3 erb |4 0 |6 006_780000000000000_DER_2007 |7 0 |8 A |9 466529 |a BIBING |b BIBING |i 5131758 |o 006.78 DER 2007 |p 5131758 |r 2025-01-20 |w 2019-11-23 |y BK |z Catalogado en:20141230 |k CCI | ||
| 952 | |0 0 |1 0 |3 erb |4 0 |6 006_780000000000000_DER_2007 |7 0 |8 A |9 466530 |a BIBING |b BIBING |i 5131766 |o 006.78 DER 2007 |p 5131766 |r 2025-01-20 |w 2019-11-23 |y BK |z Catalogado en:20141230 |k CCI | ||
| 952 | |0 0 |1 0 |3 erb |4 0 |6 006_780000000000000_DER_2007 |7 0 |8 A |9 466531 |a BIBING |b BIBING |i 5131774 |o 006.78 DER 2007 |p 5131774 |r 2025-01-20 |w 2019-11-23 |y BK |z Catalogado en:20141230 |k CCI | ||
| 952 | |0 0 |1 0 |3 erb |4 0 |6 006_780000000000000_DER_2007 |7 0 |8 A |9 466532 |a BIBING |b BIBING |i 5131782 |o 006.78 DER 2007 |p 5131782 |r 2025-01-20 |w 2019-11-23 |y BK |z Catalogado en:20141230 |k CCI | ||